UBT Library

FROM INQUIRY ACADEMIC WRITING (Record no. 59169)

000 -LEADER
fixed length control field 00337nam a22001457a 4500
008 - FIXED-LENGTH DATA ELEMENTS--GENERAL INFORMATION
fixed length control field 221212b ||||| |||| 00| 0 eng d
020 ## - INTERNATIONAL STANDARD BOOK NUMBER
International Standard Book Number 9781319071240
041 ## - LANGUAGE CODE
Language code of text/sound track or separate title eng
080 ## - UNIVERSAL DECIMAL CLASSIFICATION NUMBER
Edition identifier FOURTH EDITION
Universal Decimal Classification number 82
082 ## - DEWEY DECIMAL CLASSIFICATION NUMBER
Classification number 82GRE
100 ## - Rafti
Rafti 38.1
101 ## - Shkurtesa
Shkurtesa GJUH
245 ## - TITLE STATEMENT
Title FROM INQUIRY ACADEMIC WRITING
Statement of responsibility, etc GREENE S
942 ## - ADDED ENTRY ELEMENTS (KOHA)
Source of classification or shelving scheme
Item type Books
Holdings
Withdrawn status Lost status Source of classification or shelving scheme Damaged status Not for loan Collection code Permanent location Current location Date acquired Total Checkouts Full call number Barcode Date last seen Price effective from Koha item type
          Koleksioni i përgjithshem UBT - Lipjan UBT - Lipjan 12/12/2022   82GRE 002-8000287002601098 12/12/2022 12/12/2022 Books
          Koleksioni i përgjithshem UBT - Lipjan UBT - Lipjan 12/12/2022   82GRE 002-8000287002601099 12/12/2022 12/12/2022 Books
UBT Library © 2015-2024. All rights reserved University Education for Business and Technology